000 00473cam a22001455a 4500
001 J100789
008 000000s1915 xxk 000 0 eng u
035 _a(Sirsi) u100789
110 _aAuctioneers' and Estate Agents' Institute of the United Kingdom
_93789
245 0 4 _aThe Finance (1909-1910) Act 1910, Part 1. Reports of appeals heard by referees. Part 6 February 1915.
260 _c1915
651 4 _aUnited Kingdom
_y
690 _aFinance and taxation
942 _n0
999 _c99832
_d99832